| 000 | 00428nam a22001697a 4500 | ||
|---|---|---|---|
| 003 | CEME | ||
| 005 | 20210628210317.0 | ||
| 008 | 210127b xxu||||| |||| 00| 0 eng d | ||
| 040 | _c. | ||
| 082 | _a629.8323 BRI | ||
| 100 |
_aBrite, Robert.J Fioranelli, C.H _978947 |
||
| 245 | _aSynchros and servos | ||
| 260 | _bFOULSHAM SAMS | ||
| 300 | _a192P | ||
| 650 |
_aSYNCHROS AND SERVOS.SERVOMECHANISMS _978948 |
||
| 942 |
_cBK _2ddc |
||
| 999 |
_c584018 _d584018 |
||